00338nam a2200109Ia 4500008004100000020002200041041001200063100004000075245006000115260003200175650002100207231221s9999 xx 000 0 und d a978-0-387-09671-1 aEnglish aJoão M.P. Cardoso, Pedro C. Diniz 0aCompilation Techniques for Reconfigurable Architectures c2009bSpringer USaNew York aComputer Science